Campeonato Paulista de Futebol - Campeões - Statistics

Estatísticas Gerais
  • Esse quiz foi jogado 184 vezes
  • A pontuação média é 102 de 118
Estatísticas das Respostas
Ano Clube % Correto
1920 | 1926 | 1927 | +4 others Palestra Itália
100%
1942 | 1944 | 1947 | +11 others Palmeiras
100%
1922 | 1923 | 1924 | +25 others Corinthians
99%
1955 | 1956 | 1958 | +17 others Santos
99%
1973 Santos/Portuguesa
99%
1931 | 1943 | 1945 | +18 others São Paulo
99%
2002 | 2014 Ituano
79%
1990 Bragantino
78%
1935 | 1936 Portuguesa
75%
2004 São Caetano
72%
1905 | 1908 | 1913 | +5 others Paulistano
57%
1986 Inter de Limeira
43%
1914 | 1925 São Bento
31%
1907 Internacional
22%
1906 Germânia
20%
1902 | 1903 | 1904 | 1911 São Paulo Athletic
19%
1912 Americano
16%
1909 | 1910 | 1915 Athletica das Palmeiras
1%
Nenhum quiz correspondente encontrado
Distribuição das Pontuações
Porcentagem de Pessoas com Cada Pontuação
Percentil de Números Respondidos
Sua Pontuação Histórica
Você não jogou esse quiz